00988nam a2200301 a 4500001001000000003000500010005001700015008004100032010001100073011001100084020001500095040000900110082002000119100003500139245009700174250001100271260005500282300001100337490003700348590004000385650004100425830004400466901000700510942001000517942000600527999001900533952013400552000114501CHAP20220329144444.0180207s1980 mx |r| ||||||spa d a110962 a111934 a9684270143 cCHAP04a333.72bB3 198000aBassols Batalla, Angel.91072810aRecursos naturales de México :bteoría, conocimiento y uso /cpor Angel Bassols Batalla. a11 ed. aMéxico, D.F. :bEditorial Nuestro Tiempo,c1980. a361 p. aLos grandes problemas nacionales aE5765TAJb05c20180207lUCH01h112614aRecursos naturalesxMéxico.995299 4aLos grandes problemas nacionales968570 aBK cLIBRO n0 c110962d110962 00102ddc4052708GRALaCRSLAbCRSLAd2018-02-07fLIBROl0o333.72 B3 1980p02000001307r2019-12-31 00:00:00w2018-02-07yLIBRO